Представление документа в формате RUSMARC

ПолеНазваниеЗначение
  Тип записи a
  Библиографический уровень m
001 Контрольный номер 0ebace30bdcb45dcbf7ab60ad255b4d1
005 Дата корректировки 20160725163324.0
010 Индекс ISBN __
a ISBN 978-5-394-01664-6
101 Язык документа 0_
a Язык текста rus
102 Страна публикации __
a Страна публикации RU
200 Заглавие и сведения об ответственности 1_
a Заглавие Маркетинг в социально-культурном сервисе и туризме
b Общее обозначение материала Текст
e Сведения, относящиеся к заглавию учеб. пособие
f Первые сведения об ответственности Ю. В. Безрутченко
210 Выходные данные 1_
a Место издания Москва
c Издательство Дашков и Кo
d Дата издания 2016
215 Физическое описание __
a Объем 232 с.
610 Ключевые слова 0_
a Ключевые слова Маркектинг
a Ключевые слова сервис
a Ключевые слова туризм
a Ключевые слова туристское предприятие
a Ключевые слова маркетинг сферы сервиса
a Ключевые слова маркетинг сферы туризма
a Ключевые слова рынок услуг
a Ключевые слова маркетинговые исследования
a Ключевые слова маркетинговая стратегия
a Ключевые слова целевой маркетинг
a Ключевые слова продвижение услуг
a Ключевые слова Международный маркектинг
a Ключевые слова маркетинговые коммуникации
a Ключевые слова маркетинговая служба
a Ключевые слова маркетинговый контроль
686 Индексы других классификаций __
a Классификационный индекс 65.050
700 Автор _1
a Фамилия Безрутченко
b Имя Ю. В.
801 Источник записи _0
a Страна RU
b Организация РУК
c Дата составления 20160720
g Правила каталогизации PSBO
801 Источник записи _1
a Страна RU
b Организация РУК
g Правила каталогизации PSBO
852 Данные о местонахождении __
i Авторский знак Б 39
j Шифр хранения ББК 65.050
901 Тип документа __
t Тип документа m
937 Технологическая информация __
a Создатель записи (имя) Мясникова
938 Служебная информация __
a Название организации Головной вуз
952 Тип литературы __
c Вид литературы учебное пособие